Top Universities by Subject - Statistics

General Stats
  • This quiz has been taken 66 times
  • The average score is 6 of 16
Answer Stats
Subject Top University % Correct
Law Harvard University
95%
English Language and Literature University of Oxford
80%
Mathematics University of Cambridge
75%
Linguistics Massachusetts Institute of Technology
73%
Environmental Studies University of California, Berkeley
57%
Education University College London
52%
Nursing University of Pennsylvania
38%
Communication and Media Studies University of Southern California
25%
Earth and Marine Sciences ETH Zurich
15%
Veterinary Science University of California, Davis
12%
Performing Arts The Juilliard School
10%
Mineral and Mining Engineering Colorado School of Mines
8%
Dentistry The University of Hong Kong
8%
Philosophy University of Pittsburgh
8%
Art and Design Royal College of Art
2%
Agriculture and Forestry Wageningen University
0%
No matching quizzes found
Score Distribution
Percent of People with Each Score
Percentile by Number Answered
Your Score History
You have not taken this quiz